| 000 | 00530cam a22001337a 4500 | ||
|---|---|---|---|
| 008 | 180718b1959 xxu||||| |||| 00| 0 eng d | ||
| 082 | _aB6x774 M582g | ||
| 245 |
_aGuide to the work of executive agencies in Michigan _cby Institute of Public Administration, Michigan University |
||
| 260 |
_aAnn Arbor _bInstitute of Public Administration _c1959 |
||
| 300 | _a153p. | ||
| 440 | _aPapers In Public Administration; 34 | ||
| 650 | _aExecutive departments --Michigan. | ||
| 700 | _aMichigan University. Institute of Public Administration | ||
| 999 |
_c480546 _d480546 |
||